Central Library OPAC University of Rajshahi

Plant drugs that changed the world (Record no. 52976)

MARC details
000 -LEADER
fixed length control field 00677nam a2200229 a 4500
001 - CONTROL NUMBER
control field 52976
003 - CONTROL NUMBER IDENTIFIER
rucl marc code BD-RjUL
005 - DATE AND TIME OF LATEST TRANSACTION
control field 20211209075905.0
008 - FIXED-LENGTH DATA ELEMENTS--GENERAL INFORMATION
fixed length control field 161001s1966 enkaf b 000 0 eng
035 ## - SYSTEM CONTROL NUMBER
System control number (BD-RjUL)53096
040 ## - CATALOGING SOURCE
Original cataloging agency DLC
Transcribing agency DLC
Modifying agency DLC
Language of cataloging eng
041 ## - LANGUAGE CODE
Language code of text/sound track or separate title eng
082 00 - DEWEY DECIMAL CLASSIFICATION NUMBER
Classification number 615.32
Edition number 23
Author mark and year TAP 1966
100 1# - MAIN ENTRY--PERSONAL NAME
Personal name Taylor, Norman,
Dates associated with a name 1883-1967.
9 (RLIN) 158350
245 10 - TITLE STATEMENT
Title Plant drugs that changed the world
Statement of responsibility, etc. Norman Taylor
260 ## - PUBLICATION, DISTRIBUTION, ETC. (IMPRINT)
Place of publication, distribution, etc. London :
Name of publisher, distributor, etc. Allen & Unwin,
Date of publication, distribution, etc. 1966.
300 ## - PHYSICAL DESCRIPTION
Pagination viii, 275 p. :
Illustrations illu. ;
Size 22 cm.
504 ## - BIBLIOGRAPHY, ETC. NOTE
Bibliography, etc Includes Bibliography and Index
650 #0 - SUBJECT ADDED ENTRY--TOPICAL TERM
Topical term or geographic name as entry element Medicinal plants.
9 (RLIN) 158351
Topical term or geographic name as entry element Materia medica, Vegetable.
9 (RLIN) 158352
942 ## - ADDED ENTRY ELEMENTS (KOHA)
Source of classification or shelving scheme Dewey Decimal Classification
Koha item type Books
Holdings
Lost status Source of classification or shelving scheme Damaged status Not for loan Collection code Permanent Location Current Location Shelving location Date acquired Source of acquisition Cost, normal purchase price Total Checkouts Full call number Date last seen Copy number Koha item type
  Dewey Decimal Classification     Non-fiction Central Library, University of Rajshahi Central Library, University of Rajshahi   04/04/1987 Zeitlinger 35.00   615.32 TAP 1966 01/10/2016 C-2 Books
  Dewey Decimal Classification   Not For Loan Non-fiction Central Library, University of Rajshahi Central Library, University of Rajshahi Reading Room 09/09/1969 Zeitlinger 35.00   615.32 TAP 1966 14/03/2017 C-1 Books